书目信息 |
| 题名: |
高等数学
|
|
| 作者: | 林益 主编 | |
| 分册: | ||
| 出版信息: | 北京 北京大学出版社 2005.08 |
|
| 页数: | 237页 | |
| 开本: | 26cm | |
| 丛书名: | ||
| 单 册: | ||
| 中图分类: | O13 | |
| 科图分类: | ||
| 主题词: | 高等数学--高等学校:技术学校--教材 | |
| 电子资源: | ||
| ISBN: | 7-301-09163-X | |
| 000 | 00657nam0 2200217 450 | |
| 001 | 010253282171 | |
| 005 | 20051130154957.99 | |
| 010 | @a7-301-09163-X@dCNY26.00 | |
| 100 | @a20051012d2005 km y0chiy0120 ea | |
| 101 | 0 | @achi |
| 102 | @aCN@b110000 | |
| 105 | @aa z 000yy | |
| 200 | 1 | @a高等数学@Agao deng shu xue@f林益主编@Flin yi zhu bian |
| 210 | @a北京@c北京大学出版社@d2005.08 | |
| 215 | @a237页@c图@d26cm | |
| 330 | @a本书主要讲述了:函数极限和连续、一元函数微分学、一元函数积分学镫。 | |
| 606 | 0 | @a高等数学@x高等学校:技术学校@x教材 |
| 690 | @aO13@v4 | |
| 701 | 0 | @a林益@Alin yi@4主编 |
| 801 | 0 | @aCN@bQSSK@c20051130 |
| 905 | @a10447@dO13@eL523 | |
| 高等数学/林益主编.-北京:北京大学出版社,2005.08 |
| 237页:图;26cm |
| ISBN 7-301-09163-X:CNY26.00 |
| 本书主要讲述了:函数极限和连续、一元函数微分学、一元函数积分学镫。 |
| ● |
| 相关链接 |
|
|
|
正题名:高等数学
索取号:O13/L523
 
预约/预借
| 序号 | 登录号 | 条形码 | 馆藏地/架位号 | 状态 | 备注 |
| 1 | 577027 | 205770272 | 自科库401/401自科库 106排7列3层/ [索取号:O13/L523] | 在馆 | |
| 2 | 577028 | 205770281 | 自科库401/401自科库 106排7列3层/ [索取号:O13/L523] | 在馆 | |
| 3 | 577029 | 205770290 | 自科库401/401自科库 106排7列3层/ [索取号:O13/L523] | 在馆 |